| 000 | 00624nas a2200229 i 4500 | ||
|---|---|---|---|
| 001 | 845 | ||
| 003 | ES-MaACL | ||
| 005 | 20250718150754.0 | ||
| 007 | t| | ||
| 008 | 950801d19261938xr | | 1 ||re d | ||
| 022 | _a1211-5088 | ||
| 245 | 0 | 2 |
_aL'Europe centrale / _credacteur en chef G. Marot. |
| 260 |
_aPrague : _bImp. "Orbis", _c1926-1938. |
||
| 300 |
_a12 v. : _bgrab ; _c31 cm. |
||
| 310 | _aSemanal | ||
| 362 | 0 | _aAño I (oct. 1926)- Año 13 (1938) | |
| 650 | 1 | 4 |
_aPeriódicos _915941 |
| 700 | 1 |
_aMarot, G, _edir. _9227532 |
|
| 852 |
_aES-MaACL _jHem-303 |
||
| 866 | 0 | _o1926-35(1936-38). | |
| 999 |
_c845 _d845 |
||